| 000 | 01161nam a2200133Ia 4500 | ||
|---|---|---|---|
| 008 | 171212s9999 xx 000 0 und d | ||
| 020 | _a9780833086563 | ||
| 100 | _aHepner, Kimberly A.;Roth, Carol P.;Farris, Coreen;Sloss, Elizabeth M.;Martsolf, Grant R.;Pincus, Harold Alan;Watkins, Katherine E.;Epley, Caroline;Mandel, Daniel;Hosek, Susan D.;Farmer, Carrie M. | ||
| 245 |
_cHepner, Kimberly A.;Roth, Carol P.;Farris, Coreen;Sloss, Elizabeth M.;Martsolf, Grant R.;Pincus, Harold Alan;Watkins, Katherine E.;Epley, Caroline;Mandel, Daniel;Hosek, Susan D.;Farmer, Carrie M. _aMeasuring the Quality of Care for Psychological Health Conditions in the Military Health System _bCandidate Quality Measures for Posttraumatic Stress Disorder and Major Depressive Disorder |
||
| 260 |
_bRAND Corporation _c2015 |
||
| 650 | _aHealth Sciences | ||
| 650 | _aSoldiers -- Mental health services -- United States -- Evaluation; Post-traumatic stress disorder -- United States; Post-traumatic stress disorder -- Treatment -- Evaluation; Depression, Mental -- United States; Depression, Mental -- Treatment -- Evaluati | ||
| 856 | _uhttp://www.jstor.org/stable/10.7249/j.ctt15sk847 | ||
| 999 |
_c352311 _d352311 |
||